[Event "Mistrovstvi CR senioru nad 50 let"]
[Site "?"]
[Date "2017.08.22"]
[Round "4"]
[White "Vorel, Bohuslav"]
[Black "Lorencova, Jitka"]
[Result "1-0"]
[WhiteElo "1535"]
[BlackElo "1391"]
[PlyCount "117"]
[EventDate "2017.08.19"]

1. e4 e6 2. d4 d5 3. e5 c5 4. c3 Qb6 5. Nf3 Nc6 6. a3 cxd4 7. cxd4 Bd7 8. Be2
Nge7 9. b4 Nf5 10. Be3 Be7 11. O-O O-O 12. Nc3 Nd8 13. Rc1 a6 14. Bd3 Bb5 15.
Nxb5 axb5 16. Bxf5 exf5 17. Qb3 Qe6 18. Rc3 Nc6 19. Rd3 Ra4 20. Qb2 Qg6 21. Nd2
f4 22. Rb3 fxe3 23. fxe3 Bg5 24. Nf3 Re8 25. Qe2 Rea8 26. Qxb5 Bxe3+ 27. Rxe3
Qh6 28. Rfe1 R8a7 29. Qxd5 Qe6 30. Qb5 h6 31. d5 Qc8 32. dxc6 bxc6 33. Qc5 Rxa3
34. Rxa3 Rxa3 35. b5 Ra2 36. Qc4 Rb2 37. bxc6 Qc7 38. Rd1 Qb6+ 39. Qd4 Qxd4+
40. Rxd4 Rb1+ 41. Kf2 Rc1 42. Rd6 Kh7 43. Nd4 Rc5 44. Rd8 Kg6 45. Kf3 Rxe5 46.
c7 Rc5 47. c8=Q Rxc8 48. Rxc8 Kf6 49. Re8 g5 50. g4 Kg6 51. Ke4 f6 52. Nf5 h5
53. gxh5+ Kxh5 54. Rh8+ Kg6 55. Rg8+ Kh5 56. Kd5 Kg4 57. Ke6 Kf4 58. Kxf6 g4
59. Nh6 1-0

[Event "Mistrovstvi CR senioru nad 50 let"]
[Site "?"]
[Date "2017.08.23"]
[Round "5"]
[White "Fiedler, Bedrich"]
[Black "Sabol, Marian"]
[Result "0-1"]
[WhiteElo "2100"]
[BlackElo "2342"]
[PlyCount "70"]
[EventDate "2017.08.19"]

1. c4 e6 2. Nc3 d5 3. d4 c6 4. cxd5 exd5 5. Nf3 Nf6 6. Bg5 Be7 7. e3 h6 8. Bh4
Bf5 9. Bd3 Bxd3 10. Qxd3 O-O 11. O-O Nbd7 12. Rfc1 Re8 13. Rab1 a5 14. a3 Nb6
15. Ne5 Nfd7 16. Bxe7 Qxe7 17. Nxd7 Qxd7 18. b4 a4 19. b5 Nc4 20. bxc6 bxc6 21.
Na2 Re6 22. Rb4 Rg6 23. Nc3 Qg4 24. g3 h5 25. Rcb1 h4 26. Rb8+ Rxb8 27. Rxb8+
Kh7 28. Ne2 hxg3 29. hxg3 f5 30. Rf8 Nd6 31. Nf4 Rh6 32. Qe2 Qg5 33. Qa6 Qe7
34. Qa8 Nf7 35. Qc8 Qe4 0-1

[Event "Mistrovstvi CR senioru nad 50 let"]
[Site "?"]
[Date "2017.08.23"]
[Round "5"]
[White "Urban, Zdenek"]
[Black "Vorackova, Jarmila"]
[Result "1-0"]
[WhiteElo "2163"]
[BlackElo "1828"]
[PlyCount "87"]
[EventDate "2017.08.19"]

1. d4 Nf6 2. c4 g6 3. Nc3 Bg7 4. e4 d6 5. f3 O-O 6. Be3 c6 7. Nge2 Nbd7 8. Qd2
e5 9. d5 c5 10. Bh6 Ne8 11. h4 f5 12. exf5 gxf5 13. Ng3 f4 14. Bxg7 Nxg7 15.
Nge4 Nf6 16. Bd3 Kh8 17. O-O-O Ngh5 18. Rdg1 Rg8 19. Ng5 Qe7 20. g4 fxg3 21.
Ne2 Rg7 22. Nxg3 Nf4 23. Bf5 Qc7 24. Be6 h6 25. N5e4 Nxe4 26. Nxe4 Rxg1+ 27.
Rxg1 Bxe6 28. dxe6 Rd8 29. Rd1 d5 30. Nf6 d4 31. Nd5 Qd6 32. Re1 Qxe6 33. Nxf4
Qxc4+ 34. Kb1 exf4 35. Qxf4 Qd3+ 36. Ka1 Qg6 37. Qe5+ Kg8 38. Qxc5 Qc6 39. Rg1+
Kf7 40. Qh5+ Ke7 41. Rg7+ Kd6 42. Rg6+ Kc7 43. Rxc6+ bxc6 44. Kb1 1-0

[Event "Mistrovstvi CR senioru nad 50 let"]
[Site "?"]
[Date "2017.08.23"]
[Round "5"]
[White "Bartos, Jan"]
[Black "Kozak, Milos"]
[Result "1/2-1/2"]
[WhiteElo "2222"]
[BlackElo "2121"]
[PlyCount "70"]
[EventDate "2017.08.19"]

1. c4 c5 2. Nf3 Nc6 3. Nc3 g6 4. e3 Bg7 5. d4 cxd4 6. exd4 d6 7. d5 Ne5 8. Nxe5
Bxe5 9. Bd2 Bg7 10. Be2 Nf6 11. O-O O-O 12. Rc1 Bd7 13. Re1 a6 14. a3 b5 15.
cxb5 axb5 16. Qb3 Rb8 17. Na2 Nxd5 18. Qxd5 Be6 19. Qd3 Bxa2 20. b3 Ra8 21. Bb4
Bb2 22. Rc2 Bxa3 23. Bd2 Bc5 24. Ra1 Bxb3 25. Rxa8 Bxc2 26. Rxd8 Bxd3 27. Rxf8+
Kxf8 28. Bxd3 b4 29. Be3 Bxe3 30. fxe3 Kg7 31. Kf2 Kf6 32. Ke2 Ke5 33. Bc2 f5
34. Kd3 d5 35. Bb3 Kd6 1/2-1/2

[Event "Mistrovstvi CR senioru nad 50 let"]
[Site "?"]
[Date "2017.08.23"]
[Round "5"]
[White "Malinovsky, Petr"]
[Black "Petras, Milan"]
[Result "1/2-1/2"]
[WhiteElo "2057"]
[BlackElo "2020"]
[PlyCount "123"]
[EventDate "2017.08.19"]

1. d4 Nf6 2. c4 e6 3. Nc3 Bb4 4. Bg5 c5 5. d5 d6 6. e3 e5 7. Nge2 Bf5 8. a3
Bxc3+ 9. Nxc3 Qb6 10. Bxf6 gxf6 11. e4 Bc8 12. Qc2 Nd7 13. Bd3 Nf8 14. O-O-O a6
15. h4 Bd7 16. Rdf1 O-O-O 17. f4 exf4 18. h5 Be8 19. Rxf4 Nd7 20. Be2 Kb8 21.
Rhf1 Ka7 22. Nd1 Rb8 23. Ne3 Qa5 24. Ng4 b5 25. cxb5 axb5 26. Nxf6 Ne5 27. Ng4
b4 28. Qd2 Nxg4 29. Rxg4 Rb7 30. Rf6 Qd8 31. e5 bxa3 32. bxa3 Qb6 33. Qc2 Qa5
34. Kd1 Bd7 35. Rxf7 Rhb8 36. Rxd7 Rxd7 37. Ra4 Rb1+ 38. Qxb1 Qxa4+ 39. Ke1
dxe5 40. Bb5 Qa5+ 41. Ke2 Rb7 42. a4 Qxa4 43. Bxa4 Rxb1 44. d6 h6 45. d7 Rb8
46. Kd3 Kb6 47. Ke4 Kc7 48. Kxe5 Rg8 49. Ke6 Kd8 50. Bc6 c4 51. Be4 c3 52. Bg6
Rg7 53. g4 Re7+ 54. Kf6 Kxd7 55. g5 hxg5 56. Kxg5 Rg7 57. h6 Rxg6+ 58. Kxg6 c2
59. h7 c1=Q 60. h8=Q Qg1+ 61. Kf5 Qf2+ 62. Kg4 1/2-1/2

[Event "Mistrovstvi CR senioru nad 50 let"]
[Site "?"]
[Date "2017.08.23"]
[Round "5"]
[White "Korinkova, Eva"]
[Black "Kuda, Pavel"]
[Result "1-0"]
[WhiteElo "1851"]
[BlackElo "1406"]
[PlyCount "55"]
[EventDate "2017.08.19"]

1. e4 e5 2. Nf3 Nc6 3. Bb5 d6 4. O-O Bd7 5. c3 g6 6. d4 Bg7 7. Re1 a6 8. Ba4 b5
9. Bb3 Bg4 10. h3 Bxf3 11. Qxf3 Qf6 12. Bd5 Nge7 13. Qg3 exd4 14. Bg5 dxc3 15.
Bxf6 Bxf6 16. Nxc3 O-O 17. Qf3 Bg7 18. a3 Rab8 19. Rac1 Ne5 20. Qd1 c5 21. b4
c4 22. Rc2 g5 23. Qh5 h6 24. Re3 N7g6 25. g3 Kh7 26. Qd1 Rfd8 27. Ne2 Rd7 28.
f4 1-0

[Event "Mistrovstvi CR senioru nad 50 let"]
[Site "?"]
[Date "2017.08.23"]
[Round "5"]
[White "Volfova, Milena"]
[Black "Vorel, Bohuslav"]
[Result "1/2-1/2"]
[WhiteElo "1556"]
[BlackElo "1535"]
[PlyCount "45"]
[EventDate "2017.08.19"]

1. e4 c5 2. Nf3 d6 3. d3 Nf6 4. Be2 g6 5. O-O Nc6 6. Bg5 Bg7 7. Bxf6 Bxf6 8. c3
O-O 9. Nbd2 a6 10. h3 b5 11. Qc2 Bb7 12. Nh2 Bg7 13. Ng4 e6 14. f4 Rc8 15. f5
h5 16. Nh2 exf5 17. exf5 Ne5 18. Ndf3 Nxf3+ 19. Bxf3 Bxf3 20. Rxf3 g5 21. g4 h4
22. Re3 Qd7 23. Re2 1/2-1/2

[Event "Mistrovstvi CR senioru nad 50 let"]
[Site "?"]
[Date "2017.08.23"]
[Round "5"]
[White "Hanzlik, Zdenek"]
[Black "Barabas, Ales"]
[Result "0-1"]
[WhiteElo "1000"]
[BlackElo "1788"]
[PlyCount "114"]
[EventDate "2017.08.19"]

1. e4 c5 2. g3 d6 3. Bg2 Nf6 4. d3 g6 5. Ne2 Bg7 6. c3 Nc6 7. h3 Rb8 8. Nd2 O-O
9. a3 b5 10. b4 a5 11. Rb1 cxb4 12. cxb4 axb4 13. axb4 d5 14. O-O Bb7 15. Qb3
dxe4 16. Nxe4 Ne5 17. Nc5 Bxg2 18. Kxg2 Ra8 19. Bf4 Nd5 20. Rfd1 Nc6 21. Bd2
Nb6 22. Bc3 Qd5+ 23. Qxd5 Nxd5 24. Bd2 Ra2 25. Nf4 Nxf4+ 26. Bxf4 Bd4 27. Rd2
Rfa8 28. Kf3 Bc3 29. Rxa2 Rxa2 30. Rc1 Nd4+ 31. Kg2 Ne2 32. Rb1 Nxf4+ 33. gxf4
Bd4 34. Ne4 f5 35. Ng5 Rxf2+ 36. Kg3 Rb2 37. Rxb2 Bxb2 38. Ne6 Bc3 39. Nc7 Bxb4
40. Nxb5 Bd6 41. Nc3 g5 42. Ne2 Kf7 43. h4 g4 44. d4 Bb4 45. d5 Be1+ 46. Kg2
Bxh4 47. Nd4 Kg6 48. Ne6 Bf6 49. Nf8+ Kg7 50. Nd7 Kf7 51. Nc5 h5 52. Ne6 h4 53.
Kh2 Ke8 54. Nc5 Kd8 55. Ne6+ Kd7 56. Kg2 Kd6 57. Ng5 Kxd5 0-1

[Event "Mistrovstvi CR senioru nad 50 let"]
[Site "?"]
[Date "2017.08.23"]
[Round "5"]
[White "Lorencova, Jitka"]
[Black "Plachetka, Milan"]
[Result "1-0"]
[WhiteElo "1391"]
[BlackElo "1686"]
[PlyCount "147"]
[EventDate "2017.08.19"]

1. e4 c5 2. g3 Nc6 3. Bg2 e5 4. c3 Nf6 5. d3 Be7 6. f4 d6 7. Nf3 O-O 8. Na3 a6
9. Nc2 Bg4 10. h3 Bxf3 11. Bxf3 Rb8 12. Qe2 b5 13. Bd2 a5 14. f5 b4 15. g4 bxc3
16. Bxc3 h6 17. b3 Nh7 18. Kd1 Bh4 19. Ne3 Nd4 20. Bxd4 cxd4 21. Nd5 Nf6 22.
Qg2 Nxd5 23. exd5 Bg5 24. h4 Bxh4 25. Be4 Bg5 26. Ke2 Qc7 27. Kf3 Rfc8 28. Rad1
Rb5 29. Rh5 f6 30. Rxg5 fxg5 31. Kg3 Qf7 32. Qb2 Rbc5 (32... Rcc5 33. Qa3 Qc7
34. f6 gxf6 35. Bf5) 33. Qa3 Qc7 34. f6 gxf6 35. Bf5 Rf8 36. Rf1 Kg7 37. Qb2
Rxd5 38. Qh2 Rc5 39. Qh5 Qf7 40. Qh3 Rc2 41. Rh1 Rh8 42. Ra1 h5 43. Qf1 h4+ 44.
Kh3 Qc7 45. Be4 Qc5 46. Qf5 Qc7 47. Qg6+ Kf8 48. Qxf6+ Qf7 49. Qxh8+ Ke7 50.
Bf5 Rf2 51. Rc1 Rxf5 52. Rc7+ Ke6 53. Rxf7 Rxf7 54. Qh6+ Rf6 55. Qxg5 Rf3+ 56.
Kg2 Rg3+ 57. Kh2 Rf3 58. Qxh4 Rxd3 59. Qh6+ Kd5 60. g5 Rd2+ 61. Kg3 Rxa2 62. g6
Ra3 63. g7 Rxb3+ 64. Kf2 Rb2+ 65. Ke1 Rb1+ 66. Kd2 Rg1 67. Qh7 Rg2+ 68. Ke1
Rxg7 69. Qxg7 e4 70. Qg2 d3 71. Kd2 Kd4 72. Qg7+ Kc5 73. Qc3+ Kb5 74. Qd4 1-0

[Event "Mistrovstvi CR senioru nad 50 let"]
[Site "?"]
[Date "2017.08.24"]
[Round "6"]
[White "Sabol, Marian"]
[Black "Kozak, Milos"]
[Result "1/2-1/2"]
[WhiteElo "2342"]
[BlackElo "2121"]
[PlyCount "48"]
[EventDate "2017.08.19"]

1. d4 d5 2. c4 e6 3. Nc3 Nf6 4. Bg5 Be7 5. e3 Nbd7 6. Nf3 h6 7. Bh4 O-O 8. Rc1
c6 9. Bd3 dxc4 10. Bxc4 b5 11. Bd3 Bb7 12. O-O Rc8 13. Bg3 b4 14. Ne4 Nxe4 15.
Bxe4 Nf6 16. Nd2 Nxe4 17. Nxe4 Ba6 18. Re1 Bb5 19. b3 Qd5 20. Nc5 Rfd8 21. Be5
Bxc5 22. Rxc5 Qxc5 23. dxc5 Rxd1 24. Rxd1 a5 1/2-1/2

[Event "Mistrovstvi CR senioru nad 50 let"]
[Site "?"]
[Date "2017.08.24"]
[Round "6"]
[White "Bartos, Jan"]
[Black "Urban, Zdenek"]
[Result "1/2-1/2"]
[WhiteElo "2222"]
[BlackElo "2163"]
[PlyCount "42"]
[EventDate "2017.08.19"]

1. d4 Nf6 2. c4 g6 3. Nc3 Bg7 4. e4 d6 5. Nf3 O-O 6. Be2 e5 7. dxe5 dxe5 8.
Qxd8 Rxd8 9. Bg5 Re8 10. Nd5 Nxd5 11. cxd5 c6 12. Bc4 cxd5 13. Bxd5 Nd7 14.
O-O-O Nb6 15. Bb3 Be6 16. Bxe6 Rxe6 17. b3 Bf8 18. Be3 Ba3+ 19. Kb1 Rc8 20. Nd2
Bc5 21. Bxc5 Rxc5 1/2-1/2

[Event "Mistrovstvi CR senioru nad 50 let"]
[Site "?"]
[Date "2017.08.24"]
[Round "6"]
[White "Petras, Milan"]
[Black "Fiedler, Bedrich"]
[Result "1/2-1/2"]
[WhiteElo "2020"]
[BlackElo "2100"]
[PlyCount "34"]
[EventDate "2017.08.19"]

1. e4 g6 2. g3 Bg7 3. Bg2 c5 4. f4 Nc6 5. c3 d6 6. Nf3 Nf6 7. d3 O-O 8. O-O c4
9. h3 cxd3 10. Qxd3 Nd7 11. Be3 Qa5 12. Nbd2 Nc5 13. Qc2 Qc7 14. b4 Ne6 15.
Rac1 Bd7 16. g4 Rfc8 17. Qd3 a6 1/2-1/2

[Event "Mistrovstvi CR senioru nad 50 let"]
[Site "?"]
[Date "2017.08.24"]
[Round "6"]
[White "Korinkova, Eva"]
[Black "Malinovsky, Petr"]
[Result "0-1"]
[WhiteElo "1851"]
[BlackElo "2057"]
[PlyCount "116"]
[EventDate "2017.08.19"]

1. e4 c5 2. Nc3 e6 3. g3 Nc6 4. Bg2 g6 5. Nge2 Bg7 6. d3 Nge7 7. O-O O-O 8. f4
d5 9. e5 Rb8 10. g4 b5 11. Ng3 f6 12. exf6 Bxf6 13. Nce2 a5 14. Rb1 b4 15. Be3
d4 16. Bd2 Bg7 17. Ne4 e5 18. h3 Be6 19. Nxc5 Bxa2 20. Ra1 Bd5 21. Ne4 Qd7 22.
N2g3 Rbe8 23. Nc5 Qd8 24. Nge4 Bxe4 25. Nxe4 Nd5 26. f5 Nce7 27. Nc5 Nc7 28.
fxg6 Rxf1+ 29. Qxf1 Nxg6 30. Rxa5 Ne6 31. Bxb4 Nef4 32. Ra8 Qe7 33. Rxe8+ Qxe8
34. Be4 Qe7 35. Bxg6 hxg6 36. Ba3 Qh4 37. Kh2 Bh6 38. Qf3 Qe1 39. Ne4 Nd5 40.
g5 Bg7 41. Qf2 Qd1 42. Nd6 Ne3 43. Ne4 Nxc2 44. Qd2 Qxd2+ 45. Nxd2 Ne1 46. Bd6
Kf7 47. Kg3 Ke6 48. Nc4 Nxd3 49. Kf3 Kd5 50. b3 e4+ 51. Kg2 Nc1 52. Nd2 Kxd6
53. Nxe4+ Ke5 54. Nd2 Bf8 55. Kf3 Bb4 56. Nc4+ Kf5 57. h4 Nxb3 58. Nb2 Be1 0-1

[Event "Mistrovstvi CR senioru nad 50 let"]
[Site "?"]
[Date "2017.08.24"]
[Round "6"]
[White "Barabas, Ales"]
[Black "Vorackova, Jarmila"]
[Result "1/2-1/2"]
[WhiteElo "1788"]
[BlackElo "1828"]
[PlyCount "42"]
[EventDate "2017.08.19"]

1. Nf3 Nf6 2. g3 c5 3. Bg2 Nc6 4. O-O d5 5. d4 e6 6. b3 b5 7. c4 bxc4 8. bxc4
Bb7 9. cxd5 Nxd5 10. Bb2 Qb6 11. Qb3 cxd4 12. Qxb6 Nxb6 13. Nxd4 Nxd4 14. Bxd4
Bxg2 15. Kxg2 f6 16. Nc3 e5 17. Bxb6 axb6 18. Rab1 Bc5 19. Ne4 O-O 20. Nxc5
bxc5 21. Rb2 Ra5 1/2-1/2

[Event "Mistrovstvi CR senioru nad 50 let"]
[Site "?"]
[Date "2017.08.24"]
[Round "6"]
[White "Lorencova, Jitka"]
[Black "Volfova, Milena"]
[Result "1/2-1/2"]
[WhiteElo "1391"]
[BlackElo "1556"]
[PlyCount "46"]
[EventDate "2017.08.19"]

1. e4 e5 2. Nf3 Nc6 3. Bb5 d6 4. d4 exd4 5. Nxd4 Bd7 6. c3 Nxd4 7. Bxd7+ Qxd7
8. cxd4 Nf6 9. Qf3 Qg4 10. Qxg4 Nxg4 11. h3 Nf6 12. f3 Be7 13. Be3 O-O 14. Ke2
Nd7 15. Nd2 f5 16. Rac1 c6 17. g3 fxe4 18. fxe4 Nf6 19. g4 h6 20. Kd3 d5 21.
Rhf1 dxe4+ 22. Nxe4 Nxe4 23. Kxe4 Rxf1 1/2-1/2

[Event "Mistrovstvi CR senioru nad 50 let"]
[Site "?"]
[Date "2017.08.24"]
[Round "6"]
[White "Vorel, Bohuslav"]
[Black "Plachetka, Milan"]
[Result "1/2-1/2"]
[WhiteElo "1535"]
[BlackElo "1686"]
[PlyCount "67"]
[EventDate "2017.08.19"]

1. e4 c5 2. Nf3 d6 3. d4 cxd4 4. Nxd4 e5 5. Nb3 Nf6 6. Nc3 Be7 7. Bd3 O-O 8.
O-O Be6 9. f3 Nc6 10. Be3 a6 11. Nd2 Qc7 12. Bc4 b5 13. Bb3 Na5 14. Qe2 Nc4 15.
Bxc4 bxc4 16. Nd1 d5 17. c3 Bc5 18. Bxc5 Qxc5+ 19. Qf2 d4 20. cxd4 exd4 21. Rc1
Rfc8 22. Nb3 Qg5 23. f4 Qh6 24. Nxd4 Nxe4 25. Qe3 Bd5 26. Nc3 Nxc3 27. Rxc3 Qg6
28. Qf2 Re8 29. Rg3 Qe4 30. Nc2 Rab8 31. Re3 Qf5 32. Rxe8+ Rxe8 33. Ne3 Qe6 34.
Nxd5 1/2-1/2

[Event "Mistrovstvi CR senioru nad 50 let"]
[Site "?"]
[Date "2017.08.24"]
[Round "6"]
[White "Hanzlik, Zdenek"]
[Black "Kuda, Pavel"]
[Result "1-0"]
[WhiteElo "1000"]
[BlackElo "1406"]
[PlyCount "51"]
[EventDate "2017.08.19"]

1. e4 e5 2. Nf3 Nc6 3. Nc3 Bc5 4. Bc4 Nf6 5. d3 O-O 6. h3 d6 7. Be3 Bxe3 8.
fxe3 a6 9. Qd2 Ne7 10. a3 c6 11. O-O b5 12. Ba2 Bb7 13. Rf2 Qc7 14. Raf1 d5 15.
exd5 cxd5 16. Nh2 Rad8 17. Ne2 Rd6 18. Ng3 d4 19. e4 h5 20. Qg5 Ng6 21. Nxh5
Bxe4 22. Nxf6+ Rxf6 23. Rxf6 gxf6 24. Rxf6 Qxc2 25. dxe4 Qxe4 26. Rxg6+ 1-0

[Event "Mistrovstvi CR senioru nad 50 let"]
[Site "?"]
[Date "2017.08.25"]
[Round "7"]
[White "Petras, Milan"]
[Black "Sabol, Marian"]
[Result "0-1"]
[WhiteElo "2020"]
[BlackElo "2342"]
[PlyCount "72"]
[EventDate "2017.08.19"]

1. e4 c5 2. Nf3 d6 3. d4 cxd4 4. Nxd4 Nf6 5. Nc3 a6 6. h3 e6 7. g4 d5 8. Bg2 e5
9. Nde2 d4 10. Nd5 Be6 11. Nxf6+ Qxf6 12. c3 dxc3 13. Nxc3 Bb4 14. O-O Bxc3 15.
bxc3 O-O 16. Be3 Bc4 17. Re1 Nc6 18. Qc1 Qe6 19. Bc5 Rfc8 20. Qb2 Nd8 21. Ba3
Qc6 22. Red1 Ne6 23. Rd6 Qa4 24. Bf3 Nf4 25. Bd1 Qb5 26. Rb6 Qxb2 27. Rxb2
Nxh3+ 28. Kh2 Nf4 29. Rxb7 Rc6 30. Bc1 g5 31. a3 Rd8 32. Be3 Bd3 33. Bb3 Rh6+
34. Kg1 Bxe4 35. Bxf7+ Kh8 36. f3 Bxb7 0-1

[Event "Mistrovstvi CR senioru nad 50 let"]
[Site "?"]
[Date "2017.08.25"]
[Round "7"]
[White "Malinovsky, Petr"]
[Black "Urban, Zdenek"]
[Result "1-0"]
[WhiteElo "2057"]
[BlackElo "2163"]
[PlyCount "69"]
[EventDate "2017.08.19"]

1. d4 Nf6 2. c4 d6 3. Nc3 Nbd7 4. e4 e5 5. d5 c6 6. Be3 Be7 7. Bd3 cxd5 8. cxd5
O-O 9. Nge2 Nh5 10. g4 Nhf6 11. f3 Ne8 12. Qd2 Nc5 13. Bc2 a5 14. O-O-O Bd7 15.
Ng3 Rc8 16. Kb1 b5 17. Bd3 b4 18. Nce2 Nxd3 19. Qxd3 Nc7 20. Rc1 Bb5 21. Qd2
Na6 22. Rxc8 Qxc8 23. Nf5 Qd7 24. Re1 Rb8 25. Neg3 Bf8 26. Nh5 Nc7 27. Bh6 Ne8
28. Nfxg7 Be7 29. Bg5 h6 30. Bxe7 Qxe7 31. Qxh6 f6 32. Nxf6+ Kf7 33. Nfxe8 Bxe8
34. Nxe8 Kxe8 35. Qh8+ 1-0

[Event "Mistrovstvi CR senioru nad 50 let"]
[Site "?"]
[Date "2017.08.25"]
[Round "7"]
[White "Barabas, Ales"]
[Black "Bartos, Jan"]
[Result "1/2-1/2"]
[WhiteElo "1788"]
[BlackElo "2222"]
[PlyCount "87"]
[EventDate "2017.08.19"]

1. Nf3 Nf6 2. g3 g6 3. Bg2 Bg7 4. O-O O-O 5. c4 d5 6. cxd5 Nxd5 7. Nc3 Nc6 8.
Nxd5 Qxd5 9. d3 Qd8 10. Rb1 Be6 11. b3 Nb4 12. Qd2 a5 13. Bb2 h6 14. Bxg7 Kxg7
15. Rfc1 c6 16. Qb2+ Kh7 17. a3 Nd5 18. Qe5 Qc7 19. Qxc7 Nxc7 20. Nd4 Bg4 21.
h3 Bd7 22. Nf3 Nb5 23. a4 Nd6 24. Ne5 Be6 25. Rc5 Ra6 26. Nc4 Rfa8 27. h4 f6
28. e4 Bd7 29. Nxd6 exd6 30. Rc3 Rb6 31. d4 Rb4 32. Rc4 Rc8 33. f4 c5 34. e5
dxe5 35. dxc5 exf4 36. Rxb4 axb4 37. Re1 Bf5 38. Re7+ Kh8 39. gxf4 Rxc5 40.
Rxb7 Rc1+ 41. Kh2 Rc2 42. Rxb4 Be6 43. Kg1 Rc1+ 44. Kh2 1/2-1/2

[Event "Mistrovstvi CR senioru nad 50 let"]
[Site "?"]
[Date "2017.08.25"]
[Round "7"]
[White "Kozak, Milos"]
[Black "Korinkova, Eva"]
[Result "1-0"]
[WhiteElo "2121"]
[BlackElo "1851"]
[PlyCount "57"]
[EventDate "2017.08.19"]

1. d4 Nf6 2. c4 g6 3. Nf3 Bg7 4. g3 O-O 5. Bg2 d6 6. O-O Nc6 7. Nc3 a6 8. d5
Na5 9. Nd2 c5 10. Qc2 Rb8 11. b3 b5 12. Bb2 Bd7 13. Rab1 Qc8 14. Nce4 Ne8 15.
Bxg7 Nxg7 16. Qc3 b4 17. Qc1 Nb7 18. f4 f5 19. Nf2 Nd8 20. Qb2 Nf7 21. Rbe1 e5
22. dxe6 Nxe6 23. e4 Nd4 24. Nf3 Nxf3+ 25. Bxf3 Bc6 26. Bd1 Nd8 27. exf5 Qxf5
28. Ng4 Qd3 29. Nh6# 1-0

[Event "Mistrovstvi CR senioru nad 50 let"]
[Site "?"]
[Date "2017.08.25"]
[Round "7"]
[White "Vorackova, Jarmila"]
[Black "Fiedler, Bedrich"]
[Result "0-1"]
[WhiteElo "1828"]
[BlackElo "2100"]
[PlyCount "88"]
[EventDate "2017.08.19"]

1. d4 g6 2. c4 Bg7 3. Nc3 c5 4. d5 Bxc3+ 5. bxc3 f5 6. Nf3 Qa5 7. Bd2 Nf6 8. e3
d6 9. Bd3 Nbd7 10. O-O Nb6 11. Qe2 Bd7 12. e4 fxe4 13. Bxe4 O-O-O 14. Ng5 Nxe4
15. Qxe4 Bf5 16. Qe2 Rde8 17. Rfe1 Qa4 18. Ne6 Qxc4 19. Qxc4 Nxc4 20. Bg5 h6
21. Bh4 g5 22. Bg3 Rhg8 23. a4 b6 24. Ra2 Kd7 25. h4 gxh4 26. Bxh4 Ne5 27. a5
Nf3+ 28. Kf1 Nxe1 29. Kxe1 Bxe6 30. dxe6+ Kxe6 31. axb6 axb6 32. Rb2 Rxg2 33.
Rxb6 Rg4 34. Bg3 Ra8 35. Rb2 Raa4 36. Ke2 h5 37. Kf3 h4 38. Bh2 Rgc4 39. Re2+
Kf6 40. Re3 Ra3 41. Kg2 Raxc3 42. Kh3 Rxe3+ 43. fxe3 Re4 44. Bf4 Rxf4 0-1

[Event "Mistrovstvi CR senioru nad 50 let"]
[Site "?"]
[Date "2017.08.25"]
[Round "7"]
[White "Vorel, Bohuslav"]
[Black "Hanzlik, Zdenek"]
[Result "0-1"]
[WhiteElo "1535"]
[BlackElo "1000"]
[PlyCount "106"]
[EventDate "2017.08.19"]

1. e4 b6 2. Bc4 Bb7 3. d3 e6 4. Qe2 Nf6 5. Nf3 Be7 6. O-O h6 7. Nc3 d6 8. e5
Nfd7 9. exd6 cxd6 10. Bd2 Nc6 11. Nd1 Bf6 12. c3 Rc8 13. d4 O-O 14. Ne3 Ne7 15.
Ba6 Bxa6 16. Qxa6 Qc7 17. Qe2 Ng6 18. Ng4 d5 19. Rfe1 Rfe8 20. Nxf6+ Nxf6 21.
Ne5 Nxe5 22. dxe5 Ne4 23. f3 Nc5 24. Rac1 Qb7 25. Be3 Nd7 26. Bd4 Qc6 27. Qd2
Nf8 28. g3 Qd7 29. Kg2 Rc7 30. b3 b5 31. Qe3 Rec8 32. b4 a6 33. h4 Qd8 34. Bb6
Qd7 35. Bxc7 Qxc7 36. Qd3 Qb7 37. Qe3 Nd7 38. Red1 Nb6 39. Qe2 Nc4 40. Rd4 Qb8
41. f4 Qb7 42. Kh2 Nb6 43. Qd2 Rc7 44. Rd3 Qc8 45. Qe1 Na4 46. Qd2 Rc4 47. Re3
Qc6 48. Rd3 Qc7 49. Qe2 Qb6 50. Qd2 Qc6 51. Qe1 Re4 52. Qd2 Qc4 53. Rd4 Re2+
0-1

[Event "Mistrovstvi CR senioru nad 50 let"]
[Site "?"]
[Date "2017.08.25"]
[Round "7"]
[White "Kuda, Pavel"]
[Black "Lorencova, Jitka"]
[Result "1/2-1/2"]
[WhiteElo "1406"]
[BlackElo "1391"]
[PlyCount "33"]
[EventDate "2017.08.19"]

1. e4 e6 2. Nc3 d5 3. exd5 exd5 4. d4 Bf5 5. Nf3 c6 6. Bd3 Bxd3 7. Qxd3 Bd6 8.
O-O Ne7 9. Re1 O-O 10. Ne2 Nd7 11. Bg5 h6 12. Bh4 Qc7 13. Bg3 Rae8 14. Bxd6
Qxd6 15. Ng3 g6 16. Ne5 f5 17. f4 1/2-1/2

[Event "Mistrovstvi CR senioru nad 50 let"]
[Site "?"]
[Date "2017.08.25"]
[Round "7"]
[White "Plachetka, Milan"]
[Black "Volfova, Milena"]
[Result "1-0"]
[WhiteElo "1686"]
[BlackElo "1556"]
[PlyCount "33"]
[EventDate "2017.08.19"]

1. e4 e5 2. Nf3 Nc6 3. d4 exd4 4. Bc4 Be7 5. Nxd4 Nxd4 6. Qxd4 Nf6 7. e5 c5 8.
Qf4 Qc7 9. exf6 Qxf4 10. Bxf4 Bxf6 11. c3 O-O 12. O-O Re8 13. Nd2 Be5 14. Bxe5
Rxe5 15. Rfe1 Rxe1+ 16. Rxe1 Kf8 17. Ne4 1-0

[Event "Mistrovstvi CR senioru nad 50 let"]
[Site "?"]
[Date "2017.08.26"]
[Round "8"]
[White "Sabol, Marian"]
[Black "Barabas, Ales"]
[Result "1-0"]
[WhiteElo "2342"]
[BlackElo "1788"]
[PlyCount "83"]
[EventDate "2017.08.19"]

1. e4 c5 2. Nf3 d6 3. d4 cxd4 4. Nxd4 Nf6 5. Nc3 a6 6. g3 Bg4 7. f3 Bd7 8. Bg2
Nc6 9. O-O e6 10. g4 h6 11. f4 Nxd4 12. Qxd4 Nxg4 13. h3 e5 14. Qd2 Nf6 15. Qf2
Be7 16. fxe5 dxe5 17. Nd5 O-O 18. Qg3 Nxd5 19. exd5 Qb6+ 20. Kh1 Qd6 21. c4
Rac8 22. b3 e4 23. Bf4 Qg6 24. Qxg6 fxg6 25. Rae1 Bf5 26. d6 Bh4 27. Rd1 Rcd8
28. c5 Rfe8 29. Be3 Bg3 30. Rd4 Rd7 31. Rfd1 Kf7 32. Bf1 Be5 33. R4d2 Kf6 34.
Kg2 Bc3 35. Rc2 Bb4 36. Bc4 g5 37. Rf1 Kg6 38. Be2 Rc8 39. Rxf5 Kxf5 40. Bg4+
Ke5 41. Bxd7 Rd8 42. Bg4 1-0

[Event "Mistrovstvi CR senioru nad 50 let"]
[Site "?"]
[Date "2017.08.26"]
[Round "8"]
[White "Fiedler, Bedrich"]
[Black "Malinovsky, Petr"]
[Result "1/2-1/2"]
[WhiteElo "2100"]
[BlackElo "2057"]
[PlyCount "43"]
[EventDate "2017.08.19"]

1. c4 e6 2. Nf3 d5 3. g3 c6 4. b3 f5 5. d4 Bd6 6. Bg2 Nf6 7. O-O Qe7 8. Bf4
Bxf4 9. gxf4 O-O 10. Nbd2 Ne4 11. Qc2 Nd7 12. e3 h6 13. Ne5 Nxe5 14. fxe5 Nxd2
15. Qxd2 f4 16. exf4 Bd7 17. f5 Rxf5 18. f4 Raf8 19. Rf3 Be8 20. Raf1 Bh5 21.
R3f2 Bg6 22. Qe3 1/2-1/2

[Event "Mistrovstvi CR senioru nad 50 let"]
[Site "?"]
[Date "2017.08.26"]
[Round "8"]
[White "Urban, Zdenek"]
[Black "Petras, Milan"]
[Result "1-0"]
[WhiteElo "2163"]
[BlackElo "2020"]
[PlyCount "73"]
[EventDate "2017.08.19"]

1. e4 e6 2. d3 d5 3. Nd2 c5 4. g3 Nc6 5. Bg2 Nf6 6. f4 g6 7. Ngf3 Bg7 8. c3
dxe4 9. dxe4 Qd3 10. e5 Qe3+ 11. Qe2 Nd5 12. Ne4 Qxe2+ 13. Kxe2 Bf8 14. c4 Ndb4
15. Nf6+ Ke7 16. Be3 Na6 17. Rhd1 Bg7 18. Ne4 b6 19. Nd6 Rb8 20. Ng5 Nd8 21.
Rd2 f6 22. exf6+ Bxf6 23. Rad1 Nc7 24. Nxc8+ Rxc8 25. Rd7+ Ke8 26. Rxh7 Bxb2
27. Rdd7 Rxh7 28. Rxh7 Kf8 29. Be4 Kg8 30. Rd7 b5 31. Bxg6 bxc4 32. Bh7+ Kh8
33. Be4 Bf6 34. h4 Ne8 35. h5 Nc6 36. Nf7+ Kg8 37. Nh6+ 1-0

[Event "Mistrovstvi CR senioru nad 50 let"]
[Site "?"]
[Date "2017.08.26"]
[Round "8"]
[White "Lorencova, Jitka"]
[Black "Kozak, Milos"]
[Result "0-1"]
[WhiteElo "1391"]
[BlackElo "2121"]
[PlyCount "56"]
[EventDate "2017.08.19"]

1. e4 c6 2. d3 d5 3. exd5 cxd5 4. Be2 Nc6 5. c3 g6 6. Nf3 Bg7 7. Bf4 e5 8. Bg3
Nge7 9. h3 O-O 10. O-O h6 11. Nbd2 f5 12. Ne1 f4 13. Bh2 Be6 14. Nc2 Qd7 15. c4
Rad8 16. Rb1 Nf5 17. Nb3 b6 18. a4 dxc4 19. Nc1 cxd3 20. Nxd3 Qe7 21. Qe1 Nh4
22. f3 Bxh3 23. Rf2 Qg5 24. Bf1 Rxd3 25. Qe4 Rd6 26. Ne1 Nd4 27. Kh1 Bf5 28.
Bc4+ Kh8 0-1